| 000 | 00436nam a2200181Ia 4500 | ||
|---|---|---|---|
| 001 | 16134 | ||
| 005 | 20260306170247.0 | ||
| 008 | 260306t2005||||xx |||||||||||||| ||und|| | ||
| 041 | _aESP | ||
| 082 |
_a346.944 _bC73 |
||
| 100 |
_aDomingo, Rafael _eAUT |
||
| 245 | 0 | _aCódigo civil Francés / code civil | |
| 260 | _c2005 | ||
| 300 |
_acxxx, 978 páginas : _c25 cm. |
||
| 650 | _aGEN | ||
| 654 | _aCDE | ||
| 942 |
_cLIB _dJUS _fJUS _2ddc _n |
||
| 999 |
_c16134 _d16134 |
||